01362nam a2200337 a 4500001001200000003000800012006001900020007001500039008004100054010001700095020003000112020002700142020002700169040002100196035002100217050002300238082001200261245012000273260004900393300003400442504005100476533015200527650004400679650003400723650004800757655002900805700002300834700002400857710001700881856012600898ebr10680824CaPaEBRm u cr cn|||||||||080530s2009 nyua sb 001 0 eng d z 2008024212 z9781604567830 (hardcover) z160456783X (hardcover) z9781617285523 (e-book) aCaPaEBRcCaPaEBR a(OCoLC)66245309014aQA298b.N86 2009eb04a51822200aNumerical simulation research progressh[electronic resource] /cSimone P. Colombo and Christian L. Rizzo, editors. aNew York :bNova Science Publishers,cc2009. ax, 297 p. :bill. (some col.) aIncludes bibliographical references and index. aElectronic reproduction.bPalo Alto, Calif. :cebrary,d2013.nAvailable via World Wide Web.nAccess may be limited to ebrary affiliated libraries. 0aNumerical analysisxSimulation methods. 0aNumerical analysisxResearch. 0aQuantitative researchxMathematical models. 7aElectronic books.2local1 aColombo, Simone P.1 aRizzo, Christian L.2 aebrary, Inc.40uhttp://site.ebrary.com/lib/rucke/Doc?id=10680824zAn electronic book accessible through the World Wide Web; click to view